000 00385nam a22001577a 4500
003 MPLRDC
005 20220104144518.0
008 210129b ||||| |||| 00| 0 eng d
082 _a447.129 ZZP
100 _a赵仲平编著
245 _a汽车的汽油发动机
_c
260 _a
_b香港万里书店
_c1973
300 _b
650 _a汽车燃料
942 _cBK
_o447.129 ZZP
999 _c50333
_d50323